[Event "Edinburgh op"]
[Site "Edinburgh"]
[Date "2012.03.30"]
[Round "1"]
[White "Connor, Stephen J"]
[Black "Millar, Andrew"]
[Result "1-0"]
[WhiteElo "1283"]
[BlackElo "1128"]
[PlyCount "55"]
[EventDate "2012.03.30"]
[EventType "swiss"]
[EventRounds "5"]
[EventCountry "SCO"]
[SourceTitle "EXT 2014"]
[Source "ChessBase"]
[SourceDate "2013.11.20"]
[SourceVersion "1"]
[SourceVersionDate "2013.11.20"]
[SourceQuality "1"]

1. d4 d6 2. e4 c5 3. Nf3 Nc6 4. d5 Ne5 5. Nxe5 dxe5 6. Bb5+ Bd7 7. Bxd7+ Qxd7 8. 0-0 Nf6 9. Re1 e6 10. c4 Be7 11. f4 Bd6 12. Qf3 g6 13. Nc3 a6 14. fxe5 Bxe5 15. Bf4 Bd4+ 16. Be3 Nh5 17. Bxd4 cxd4 18. Ne2 e5 19. Ng3 Nf4 20. Ne2 Nh5 21. b4 b6 22. g4 Nf6 23. Qxf6 Qxg4+ 24. Ng3 Rf8 25. Qxe5+ Kd7 26. Qxd4 f5 27. Qg7+ Kd8 28. Qxf8+ 1-0